| 000 | 00769cam a2200229 4500 | ||
|---|---|---|---|
| 999 |
_c35524 _d35524 |
||
| 001 | 1231547 | ||
| 003 | ARRUPE | ||
| 005 | 20170928092530.0 | ||
| 008 | 680301s1968 nyua b 000 0 eng | ||
| 010 | _a 68020574 | ||
| 040 |
_aDLC _cDLC _dDLC |
||
| 050 | 0 | 0 |
_aGN315 _b.S373 |
| 082 | 0 | 0 | _a301.2 |
| 100 | 1 |
_aSchwartz, Barton M. _936472 |
|
| 245 | 1 | 0 |
_aCulture and society; _ban introduction to cultural anthropology _c[by] Barton M. Schwartz [and] Robert H. Ewald. |
| 260 |
_aNew York, _bRonald Press Co. _c[1968] |
||
| 300 |
_avii, 523 p. _billus. _c24 cm. |
||
| 504 | _aBibliography: p. 503-511. | ||
| 650 | 0 |
_aEthnology. _9128 |
|
| 700 | 1 |
_aEwald, Robert H. _q(Robert Harold), _d1922- _936473 |
|
| 906 |
_a7 _bcbc _corignew _du _encip _f19 _gy-gencatlg |
||
| 942 |
_2lcc _cMONOGRAPH |
||